| 000 | 00911nam a22002897a 4500 | ||
|---|---|---|---|
| 003 | CHAP | ||
| 005 | 20220329135604.0 | ||
| 008 | 971013s1986 r 00010 d | ||
| 010 | _a38944 | ||
| 011 | _a39916 | ||
| 035 | _a44041 | ||
| 040 | _cCHAP | ||
| 090 | _aFolleto 11676 | ||
| 100 | 0 | 0 |
_aMondragón, A. _977494 |
| 245 | _aResonances and resonant states in non-local potencials | ||
| 260 |
_aMéxico, D.F. : _bUniversidad Nacional Autónoma de México. Instituto de Física, _c(1986?) |
||
| 300 | _a24 h | ||
| 590 |
_aBATCH-UPD _b10 _c20130110 _lUCH01 _h0837 |
||
| 590 |
_aBATCH-UPD _b10 _c20130410 _lUCH01 _h0515 |
||
| 590 |
_aBATCH-UPD _b10 _c20130914 _lUCH01 _h2002 |
||
| 590 |
_aCONVERSION _b10 _c20130109 _lUCH01 _h1322 |
||
| 650 | 1 | 4 |
_aResonancia. _996154 |
| 700 | 0 |
_aVelázquez Arcos, J. M. _9118507 |
|
| 901 | _aBK | ||
| 942 | _cFOLL | ||
| 949 |
_aFolleto 11676 _bBC _cFOLL _d-100745 _eTS1 _i44041 _mD _si |
||
| 999 |
_c38944 _d38944 |
||